BIBLIOTHÈQUE DE LA MAISON DU MEXIQUE

Logo 1 Logo 2

El pensamiento de Husserl (notice nᵒ 12364)

détails MARC
000 -Sello discográfico
campo de control de longitud fija 00897nam a2200301 4500
005 - Identificación de versión
campo de control 20250925141650.0
035 ## - Otros números de control del sistema
Número de control del sistema 8066
099 ## - fechas locales
Tipo de ítem Koha LIBRO
100 ## - Datos de procesamiento general
Datos de procesamiento general 19930801d1968 m y1spay5003 ba
101 1# - Idioma del recurso
Idioma del texto, banda sonora, etc. Español; Castellano
Idioma de la obra original Francés
105 ## - Campo de datos codificados: Material textual, monográfico
Datos codificados de monografía y 001zy
200 1# - Título y mención de responsabilidad
Título propio El pensamiento de Husserl
Designación general del material texto impreso
Primer mención de responsabilidad Ludovic Robberechts
Declaración de responsabilidad subsiguiente traducción de Tomás Martínez
205 ## - Declaración de edición
Declaración de edición 1a ed
210 ## - Publicación, distribución, etc.
Lugar de publicación, distribución, etc. México
Nombre del editor, distribuidor, etc. Fondo de Cultura Económica
Fecha de publicación, distribución, etc. 1968
215 ## - Descripción física
Designación de material específico y extensión del ítem 115 p
Dimensiones 17 cm
345 ## - Nota de información de adquisición
Fuente de adquisición/dirección de la suscripción [OBSOLETO] Donación
410 #1 - Series
Título Breviarios del Fondo de Cultura Económica
Número de volumen 198
454 #1 - Traducción de
Título Husserl
600 ## - Nombre personal usado como materia
Elemento de entrada Husserl
Parte del nombre distinta del elemento de entrada Edmund
Fechas 1859-1938
Número Koha 17862
700 ## - Nombre personal - Responsabilidad primaria
Elemento de entrada Robberechts
Parte del nombre distinta del elemento de entrada Ludovic
Fechas 1935-
Número Koha 19043
702 ## - Nombre personal - Responsabilidad secundaria
Elemento de entrada Martínez
Parte del nombre distinta del elemento de entrada Tomás
Número Koha 19044
801 #0 - Fuente de origen
Agencia cm
900 ## -
-- 1/9172
900 ## -
-- 710934832\\010893
942 ## - ELEMENTOS DE ENTRADA SECUNDARIOS (KOHA)
Tipo de ítem Koha Livre
996 ## -
-- MEX
-- 751145101
-- MMAG
-- 004662
-- 082.1 B846 V.198
-- 20210423LIV
Exemplaires
Estatus retirado Estado de daño Estado de pérdida Fecha de adquisición Biblioteca de origen Biblioteca actual Ubicación en estantería Código de barras Precio de reemplazo Signatura topográfica completa No para préstamo Tipo de ítem Koha Nota pública Nota no pública
      05/08/2025 Casa México Paris Casa México Paris   004662 05/08/2025 082.1 B846 V.198   Livre 20210423LIV 751145101